000
00265nam a2200097Ia 4500
008
241105s9999 xx 000 0 und d
041
_a
eng
100
_a
Padhye Amruta
245
_a
Landscape Development Proposal For Anandwan
260
_b
M Arch Landscape, Pune
_c
2014
999
_c
360970
_d
360970